| 000 | 01758nam0a2200361 4500 | ||
|---|---|---|---|
| 001 | RU\NLR\bibl\870471 | ||
| 005 | 20260405063219.0 | ||
| 010 |
_a5-17-022717-5 _95000 |
||
| 021 |
_aRU _b2005-64826 _93188 |
||
| 035 | _a(NLR Aleph) 000859094 | ||
| 090 |
_a1528458 _c1528458 |
||
| 100 | _a20051111d2004 |||y0rusy50 ca | ||
| 101 | 1 |
_arus _ceng |
|
| 102 | _aRU | ||
| 105 | _ay ||||||||| | ||
| 200 | 1 |
_aРеволюция сознания _eтрансатлантический диалог _fСтанислав Гроф, Эрвин Ласло, Питер Рассел _g[под ред. Эрвина Ласло _gпредисл. Кена Уилбера _gпослесл. Иегуди Менухина _gпер. с англ. Марка Драчинского] |
|
| 210 |
_aМосква _cАСТ [и др.] _d2004 |
||
| 215 |
_a248 с. _d21 |
||
| 225 | 1 | _aPhilosophy | |
| 300 | _aЗагл. и авт. ориг.: The consciousness revolution : a Transatlantic dialogue / Stanislav Grof, Ervin Laszlo, Peter Russell | ||
| 320 | _aБиблиогр.: с. 236-248 | ||
| 454 | 0 |
_12001#$aThe consciousness revolution$ea Transatlantic dialogue _1700#1$3RU\NLR\auth\7721742$7ba$aGrof$bS.$f1931-$gStanislav$4070 _1701#1$aLaszlo$bE.$f1932-$gErvin$4070 _1701#1$aRussell$bP.$gPeter$4070 _tThe consciousness revolution _aGrof, Stanislav (1931-) |
|
| 606 | 1 |
_aСознание _9929281 _3RU\NLR\auth\6623327 |
|
| 686 | _aЮ212.2 | ||
| 686 | _aЮ932.2,6 | ||
| 700 | 1 |
_4070 _8rus _7ca _aГроф _bС. _f1931- _gСтанислав _3RU\NLR\auth\7721740 _94801 |
|
| 701 | 1 |
_aЛасло _bЭ. _f1932- _gЭрвин _4070 |
|
| 701 | 1 |
_aРассел _bП. _gПитер _4070 |
|
| 801 | 0 |
_aRU _bNLR _c20051111 _grcr |
|
| 801 | 1 |
_aRU _bNLR _c20051111 |
|
| 942 | _cBOOK | ||
| 980 | _aNB | ||